Husiti a reformácia na Slovensku do žilinskej synody

Bibliographic Details
Main Author: Varsik, Branislav, 1904-1994 (Author, Author of introduction, etc.)
Format: Book
Language:Slovak
PhysicalDescription:226, [1] s. 8°
Published: Bratislava Filozofická fakulta Univerzity Komenského s podporou Ministerstva školstva a národnej osvety a zeme Slovenskej V generálnom komisionárstve kníhkupectva Orbis 1932
Series:Sborník Filozofickej fakulty Univerzity Komenského v Bratislave
Subjects:

MARC

LEADER 00000cam a2200000 a 4500
001 vtls008404375
003 SK-MaSNL
005 20260425231144.0
008 251124s1932 xo g 001 0 slo
015 |a SKSNBA19191938-015643 
035 |a SK01SNKBSKHR20020096592 
035 |a SKM000099055 
040 |a SNK  |b slo  |c SNK  |e AACR2 
041 0 |a slo  |b fre 
044 |a xo  |a xr 
072 7 |a 271/279  |x Kresťanské cirkvi, sekty, denominácie  |2 konspekt 
072 7 |a 27-9  |x Dejiny kresťanskej cirkvi  |2 konspekt 
080 |a 27-878.4  |2 2011 
080 |a 27-9"14/15"  |2 2011 
080 |a (437.6)  |2 2011 
080 |a 08/09  |2 2011 
080 |a 93/94  |2 2011 
080 |a (439.2)  |2 2011 
100 1 |a Varsik, Branislav,  |d 1904-1994  |4 aut  |4 aui  |9 191040 
245 1 0 |a Husiti a reformácia na Slovensku do žilinskej synody  |c Branislav Varsik 
260 |a Bratislava  |b Filozofická fakulta Univerzity Komenského s podporou Ministerstva školstva a národnej osvety a zeme Slovenskej  |b V generálnom komisionárstve kníhkupectva Orbis  |c 1932  |e Praha  |f Universum 
300 |a 226, [1] s.  |c 8° 
490 1 |a Sborník Filozofickej fakulty Univerzity Komenského v Bratislave  |v roč. VIII. č. 62 (3) 
500 |a Autorov úvod 
504 |a Bibliografické odkazy, poznámky pod čiarou, soznam mien: s. 204 -218 
546 |a Resumé francúzske 
561 |a Proveniencia: Peč.: Mestská verejná knižnica Banská Bystrica. -- Krajská ľudová knižnica Banská Bystrica. -- Tlač. exlibris: Ex Libris [Štátnej vedeckej knižnice v Banskej Bystrici].  |5 SVKBB: svkbbO 2832 
650 0 7 |a husiti  |2 SNKPH  |9 49895 
650 0 7 |a reformácia  |2 SNKPH  |9 247352 
650 0 7 |a Žilinská synoda, 1610  |2 SNKPH  |9 378836 
650 0 7 |a dejiny  |2 SNKPH  |9 3825 
651 7 |a Slovensko  |2 SNKPH  |9 14231 
651 7 |a Uhorsko  |2 SNKPH  |9 28673 
655 7 |a knihy  |2 SNKPH  |9 307098 
710 2 |a Mestská verejná knižnica (Banská Bystrica, Slovensko)  |4 fmo  |9 139745 
710 2 |a Krajská ľudová knižnica (Banská Bystrica, Slovensko)  |4 fmo  |9 139661 
830 0 |a Sborník Filozofickej fakulty Univerzity Komenského v Bratislave  |9 441480 
852 |a Univerzitná knižnica v Bratislave  |b 300000  |h SC 224 
852 |a Štátna vedecká knižnica v Košiciach  |b 900000  |h IV. 25928 
852 |a Štátna vedecká knižnica v Banskej Bystrici 
958 |a RK 
958 |a TL 
958 |a DG 
999 |c 696245  |d 698175 
952 |a SNK  |b SNK  |y VYP  |7 0  |p 17A0012932  |o snkSC 400/8/62 D2  |3 rekatalogizácia  |0 0  |1 1  |4 0  |d 1996-10-09  |l 0  |r 2005-01-01 00:00:00  |w 2026-02-23